00977nam a22002175i 450000100060000000300090000600500170001500700030003200800410003504000200007610000510009624502490014726000430039630000210043960000420046060000440050271000500054685200210059699900170061795201250063453708ES-MaACL20250718184450.0t|980304s1895 sp ||||1| spa d aCAM bspa cCAM1 aFernández Duro, Cesáreo,d1830-190894975210aHernán Tello Portocarrero y Manuel de Vega Cabeza de Vaca, capitanes de gloriosa memoria b: bosquejo leído ante la Real Academia de la Historia en la junta pública celebrada el día 19 de mayo de 1895 / cpor Cesáreo Fernández Duro. aMadrid : b[s.n.], c1895 (fFortanet) a70 p. ; c29 cm.14aTello Portocarrero, Hernán.910965914aVega Cabeza de Vaca, Manuel de.91135902 aReal Academia de la Historia (España)96309 aES-MaACLjF-2214 c53708d53708 001040708LIBXIXaATENEOMbATENEOMcDEPO2d2008-01-17eSCl0oF-2214p1056437r2023-02-23 00:00:00w2023-02-23yMONANT